00730nam a2200205 a 4500008004100000020002300041245009600064260003800160300002800198440007600226500002000302650003600322700002300358700002300381711005200404730004100456003000100497005001700498040000900515  a0792390180 (cased)00aFinancial models of insurance solvency /cedited by J. David Cummins and Richard A. Derrig. aBoston :bKluwer Academic,c1989. axxiii, 363 p. ;c24 cm. 0aHuebner International series on risk, insurance, and economic security. aIncludes index. 0aInsurancexFinancevCongresses.1 aCummins, J. David.1 aDerrig, Richard A.2 aInternational Conference on Insurance Solvency.0 aClassical insurance solvency theory.20230123133757.0 cNUST